000
00319 a2200133 4500
001
48141
040
_c
Anchieta - Aquarius
100
_a
Galrão, Martha
240
1
0
_a
Convivendo com as diferenças
_l
por
245
1
0
_a
Convivendo com as diferenças
300
_a
25
650
4
_a
Literatura infanto-juvenil
942
_c
BK
999
_c
48141
_d
48141